Państwa, które były kiedyś częścią Serbii - Statystyki

Ogólne statystyki
  • Ten quiz został rozwiązany 311 razy
  • Średni wynik to 9 z 10
Statystyki odpowiedzi
Państwo % Poprawnych
Chorwacja
97%
Kosowo
96%
Słowenia
96%
Czarnogóra
95%
Albania
93%
Bośnia i Hercegowina
93%
Macedonia Północna
92%
Bułgaria
91%
Grecja
90%
Serbia
81%
Nie znaleziono quizów pasujących do podanych kryteriów
Rozkład punktacji
Procent ludzi z każdym wynikiem
Percentyl według liczby udzielonych odpowiedzi
Twoja historia wyników
Nie rozwiązałeś tego quizu